Đônha Bacbara = Dona Barbara

Gespeichert in:
Bibliographische Detailangaben
1. Verfasser: R Gaserod
Format: Buch
Sprache:Undetermined
Veröffentlicht: Hà Nội Văn học 1983
Schlagworte:
Tags: Tag hinzufügen
Keine Tags, Fügen Sie den ersten Tag hinzu!
Thư viện lưu trữ: Trung tâm Học liệu Trường Đại học Cần Thơ
LEADER 00473nam a2200181Ia 4500
001 CTU_16012
008 210402s9999 xx 000 0 und d
082 |a 863.4 
082 |b G166 
100 |a R Gaserod 
245 0 |a Đônha Bacbara 
245 0 |b = Dona Barbara 
245 0 |c R Gaserod, Bàng Thúc Long 
260 |a Hà Nội 
260 |b Văn học 
260 |c 1983 
650 |a spanish fiction 
980 |a Trung tâm Học liệu Trường Đại học Cần Thơ